Eastern Utah Libraries Catalog: Duchesne, Heber, Roosevelt, & Vernal

Your grandparents are zombies / (Record no. 275704)

MARC details
000 -LEADER
fixed length control field 01921nam a2200505Ia 4500
001 - CONTROL NUMBER
control field ocn630468636
003 - CONTROL NUMBER IDENTIFIER
control field OCoLC
005 - DATE AND TIME OF LATEST TRANSACTION
control field 20200320185258.0
008 - FIXED-LENGTH DATA ELEMENTS--GENERAL INFORMATION
fixed length control field 100524s2010 vtua j 000 1 eng d
020 ## - INTERNATIONAL STANDARD BOOK NUMBER
International Standard Book Number 9781933390901 (pbk.) :
Terms of availability $7.99
020 ## - INTERNATIONAL STANDARD BOOK NUMBER
International Standard Book Number 1933390905 (pbk.) :
Terms of availability $7.99
029 1# - (OCLC)
OCLC library identifier NZ1
System control number 13734776
035 ## - SYSTEM CONTROL NUMBER
System control number (OCoLC)630468636
040 ## - CATALOGING SOURCE
Original cataloging agency BTCTA
Language of cataloging eng
Transcribing agency BTCTA
Modifying agency JP3
-- ZAC
-- UPZ
-- BKX
-- WACOL
049 ## - LOCAL HOLDINGS (OCLC)
Holding library WACL
050 #4 - LIBRARY OF CONGRESS CALL NUMBER
Classification number PZ7.M7639
Item number Yo 2010
050 14 - LIBRARY OF CONGRESS CALL NUMBER
Classification number F
Item number Montgomery Anson
082 04 - DEWEY DECIMAL CLASSIFICATION NUMBER
Classification number [Fic]
Edition number 22
092 ## - LOCALLY ASSIGNED DEWEY CALL NUMBER (OCLC)
Classification number junior
Item number Mon
100 1# - MAIN ENTRY--PERSONAL NAME
Personal name Montgomery, Anson.
9 (RLIN) 5865620
245 10 - TITLE STATEMENT
Title Your grandparents are zombies /
Statement of responsibility, etc by Anson Montgomery ; [illustrated by Keith Newton].
260 ## - PUBLICATION, DISTRIBUTION, ETC. (IMPRINT)
Place of publication, distribution, etc Waitsfield, Vt. :
Name of publisher, distributor, etc Chooseco,
Date of publication, distribution, etc c2010.
300 ## - PHYSICAL DESCRIPTION
Extent 57 p. :
Other physical details col. ill. ;
Dimensions 20 cm.
490 1# - SERIES STATEMENT
Series statement Choose your own adventure
500 ## - GENERAL NOTE
General note "A dragonlark book."
520 ## - SUMMARY, ETC.
Summary, etc The reader has a potion that can make his or her grandparents do whatever he or she wants them to - you get to choose from 8 different endings.
521 ## - TARGET AUDIENCE NOTE
Target audience note junior fiction
Source penworthy
650 #0 - SUBJECT ADDED ENTRY--TOPICAL TERM
Topical term or geographic name as entry element Grandparents
Form subdivision Juvenile fiction.
9 (RLIN) 5705117
650 #0 - SUBJECT ADDED ENTRY--TOPICAL TERM
Topical term or geographic name as entry element Plot-your-own stories.
9 (RLIN) 89662
650 #1 - SUBJECT ADDED ENTRY--TOPICAL TERM
Topical term or geographic name as entry element Grandparents
Form subdivision Fiction.
9 (RLIN) 5705118
650 #1 - SUBJECT ADDED ENTRY--TOPICAL TERM
Topical term or geographic name as entry element Zombies
Form subdivision Fiction.
9 (RLIN) 5673620
650 #1 - SUBJECT ADDED ENTRY--TOPICAL TERM
Topical term or geographic name as entry element Behavior
Form subdivision Fiction.
9 (RLIN) 5673643
650 #1 - SUBJECT ADDED ENTRY--TOPICAL TERM
Topical term or geographic name as entry element Plot-your-own stories.
9 (RLIN) 89662
650 #1 - SUBJECT ADDED ENTRY--TOPICAL TERM
Topical term or geographic name as entry element Adventure and adventurers
Form subdivision Fiction.
9 (RLIN) 102533
650 #7 - SUBJECT ADDED ENTRY--TOPICAL TERM
Topical term or geographic name as entry element Grandparents
Form subdivision Fiction.
Source of heading or term sears
9 (RLIN) 5705118
650 #7 - SUBJECT ADDED ENTRY--TOPICAL TERM
Topical term or geographic name as entry element Human behavior
Form subdivision Fiction.
Source of heading or term sears
9 (RLIN) 5747460
655 #7 - INDEX TERM--GENRE/FORM
Genre/form data or focus term Adventure fiction.
Source of term gsafd
9 (RLIN) 102629
700 1# - ADDED ENTRY--PERSONAL NAME
Personal name Newton, Keith,
Relator term ill.
9 (RLIN) 5859250
830 #0 - SERIES ADDED ENTRY--UNIFORM TITLE
Uniform title Choose your own adventure.
9 (RLIN) 1067
938 ## -
-- Baker and Taylor
-- BTCP
-- BK0008989088
942 ## - ADDED ENTRY ELEMENTS (KOHA)
Koha item type BOOK
948 ## - LOCAL PROCESSING INFORMATION (OCLC); SERIES PART DESIGNATOR (RLIN)
Series part designator, SPT (RLIN) 08/02/2011
z (OCLC) Sirsi
994 ## -
-- 02
-- WACOL
996 ## -
-- 85377
-- 34301001019985
-- J
-- bk
-- wcl
-- o
-- 39
-- 18.96
-- penworthy
-- Mon
-- 10/03/2011
-- 06/24/2019
-- 03/03/2020
Holdings
Withdrawn status Lost status Source of classification or shelving scheme Damaged status Not for loan Collection code Home library Current library Shelving location Date acquired Source of acquisition Cost, normal purchase price Total Checkouts Total Renewals Full call number Barcode Date last seen Date checked out Cost, replacement price Price effective from Koha item type
    Dewey Decimal Classification     Junior Fiction Wasatch County Library Wasatch County Library Main Floor Junior Area 10/03/2011 Penworthy 18.96 52 16 J Choose 34301001019985 02/02/2026 11/19/2025 18.96 03/20/2020 BOOK
This project was made possible through a grant from the Institute of Museum and Library Service administered by the Utah State Library Division.

Wasatch County Library

  • 465 East 1200 South, Heber City, Utah 84032
  • Phone 435-654-1511 | Fax 435-654-6456

Hours

  • Monday - Friday 9:30 AM - 8:00 PM
  • Saturday 9:30 AM - 1:30 PM
  • Closed Sundays and Holidays